Investigation on the clonal susceptibility of powdery mildew disease in rubber plantations in Meenachil, Kanjirappally and Peermedu taluks of Kottayam and Idukki districts (Record no. 52617)

MARC details
000 -LEADER
fixed length control field 00541nam a2200121Ia 4500
100 ## - MAIN ENTRY--AUTHOR NAME
Personal name Luka K.A.
245 #0 - TITLE STATEMENT
Title Investigation on the clonal susceptibility of powdery mildew disease in rubber plantations in Meenachil, Kanjirappally and Peermedu taluks of Kottayam and Idukki districts
260 ## - PUBLICATION, DISTRIBUTION, ETC. (IMPRINT)
Name of publisher Dissertation, PG Diploma in Natural Rubber Production, Kerala Agricultural University, Trichur, India, 38 p.
Year of publication 1991
650 ## - SUBJECT ADDED ENTRY--TOPICAL TERM
Topical Term Clonal susceptibility
650 ## - SUBJECT ADDED ENTRY--TOPICAL TERM
Topical Term Powdery mildew
942 ## - ADDED ENTRY ELEMENTS (KOHA)
Koha item type Bibliography STAF
Holdings
Withdrawn status Lost status Damaged status Not for loan Home library Current library Date acquired Koha item type
      Bibliography RRII Library RRII Library 09/04/2014 Bibliography STAF